000 00553cam a22002053a 4500
001 38860
003 PGUSA
005 20140828083846.0
008 120213s2012||||xxu|||||s|||||000 | eng d
040 _aPGUSA
_beng
042 _adc
100 1 _aEdwards, Albert
245 1 0 _aComrade Yetta
_h[electronic resource] /
_cAlbert Edwards
260 _bProject Gutenberg,
_c2012
506 _aPublic domain in the USA.
516 _aElectronic text
830 0 _aProject Gutenberg
_v38860
856 4 0 _uhttp://www.gutenberg.org/ebooks/38860
942 _cEB
999 _c268114
_d268114